000 00534nam a2200181Ia 4500
005 20250508163646.0
008 008 250505s9999 xx 000 0 hin d
037 _aBooks to be hide in OPAC
040 _aFEDL
_beng
_cFEDL
041 _ahin
_2hin
084 _a101, SRI/O
_qFEDL
100 _aSrivastva Shivnarayan Lal
_9775902
245 0 _aDarshan ke mool prashan
260 _aBhopal, India
_bMadhya Pardesh Hindi Granth Academy
_c1981
300 _a180p.
942 _cHB
_h101, SRI/O
999 _c1384550
_d1384550